Le Havre - Tous les joueurs de 2010 à 2025 - Statistiques

Statistiques générales
  • Ce quiz a été pris 49 fois
  • Le résultat moyen est 42 sur 185
Statistiques - réponses
Saisons Nationalité Joueur Nombre
De Matchs
Poste % Correct
2020 - Maroc YassineKechta 97 M
81%
2022 - France GautierLloris 101 D
78%
2023 - 2025 Ghana AndréAyew 48 A
72%
2023 - Hongrie LoicNego 63 D
72%
2013 - 2023 Algérie VictorLekhal 220 M
72%
2020 - Sénégal ArounaSangante 118 D
69%
2022 - 2025 France ArthurDesmas 82 G
67%
2019 - 2025 France MathieuGorgelin 99 G
67%
2023 - Sénégal IssaSoumaré 36 A
64%
2007 - 2011 Sénégal AbasseBa 63 D
61%
2020 - 2022 France AbdoullahBa 27 M
61%
2009 - 2022 France AlexandreBonnet 470 M
61%
2011 - 2013 Mauritanie El-HadjiBa 16 M
61%
2024 - 2025 Sénégal FodéBallo - Touré 10 D
61%
2020 - Haiti JosuéCasimir 104 A
61%
2021 - 2022 Mauritanie Pape IbnouBa 28 A
61%
2023 - Guinée AbdoulayeTouré 58 M
58%
2020 - 2022 France IsaakTouré 18 D
58%
2012 - 2015 Sénégal ZargoTouré 118 D
58%
2007 - 2022 France Jean - PascalFontaine 383 M
56%
2022 - 2025 Maroc OussamaTarghalline 42 M
56%
2023 - Sénégal RassoulNdiaye 48 M
53%
2011 - 2013 France BenjaminMendy 65 D
50%
2014 - 2017 France FerlandMendy 51 D
50%
2011 - 2014 Algérie RiyadMahrez 70 A
50%
2024 - France YanisZouaoui 18 D
50%
2018 - 2020 Zimbabwe TinoKadewere 51 A
44%
2024 - 2025 Egypte AhmedHassan 16 A
42%
2022 - 2025 CoteD'Ivoire ChristopherOperi 78 D
42%
2024 - 2025 France TimothéePembélé 21 D
42%
2013 - 2015 Sénégal AbdoulayeDiallo 52 G
39%
2008 - 2011 Mali MamadouDiallo 83 A
39%
2022 - 2023 France ZakariaDiallo 4 D
39%
2019 - 2020 France DiackoFofana 1 D
36%
2022 - France EtienneYouté Kinkoué 57 D
36%
2009 - 2011 France GueidaFofana 67 M
36%
2019 - 2021 Mali MamadouFofana 11 M
36%
2018 - 2022 CoteD'Ivoire Yahia Fofana 41 G
36%
2020 - 2023 Maroc AmirRichardson 69 M
33%
2017 - 2020 France BabaTraoré 18 D
33%
2012 - 2014 France DrissaTraoré 8 M
33%
2018 - 2023 Sénégal JamalThiaré 129 A
33%
2010 - 2011 France ModyTraoré 31 D
33%
2020 - 2023 France QuentinCornette 97 A
33%
2015 - 2019 France DenysBain 146 D
31%
2018 - 2022 Algérie HimadAbdelli 85 M
31%
2020 - 2025 France MathéoBodmer 3 D/M
31%
2021 - 2022 France MatthisAbline 16 A
31%
2020 - 2024 France NabilAlioui 109 M/A
31%
2022 - 2025 Maroc OualidEl Hajjam 52 D
31%
2011 - 2014 France ZacharieBoucher 60 G
31%
2023 - 2025 Etats - Unis EmmanuelSabbi 49 A
28%
2007 - 2013 Haiti JohnyPlacide 109 G
28%
2023 - 2024 Guinée KandetDiawara 2 A
28%
2024 - 2025 France MahamadouDiawara 15 M
28%
2023 - 2024 Guinée MohamedBayo 23 A
28%
2022 - 2025 France SamuelGrandsir 46 A
28%
2019 - 2021 Turquie UmutMeras 57 D
28%
2019 - 2021 Mali WoyoCoulibaly 40 D
28%
2017 - 2021 Burkina Faso YacoubaCoulibaly 65 D
28%
2022 - 2025 France AloisConfais 19 M
25%
2022 - 2025 France AntoineJoujou 70 A
25%
2012 - 2013 France BriceSamba 2 G
25%
2023 - 2025 Russie DalerKuzyaev 46 M
25%
2015 - 2017 France GhislainGimbert 70 A
25%
2020 - 2024 Congo NolanMbemba 83 M
25%
2022 - 2023 RépubliqueDémocratique Du Congo YannKitala 32 A
25%
2010 - 2014 France YohannRivière 117 A
25%
2016 - 2019 Algérie ZinedineFerhat 120 M/A
25%
2012 - 2013 France DramaneKoné 5 A
22%
2017 - 2018 France Jean - PhilippeMateta 38 A
22%
2014 - 2016 Guinée - Bissau JosephMendes 63 A
22%
2024 - 2025 France JuniorMwanga 11 M
22%
2023 - 2024 Cote D'Ivoire MohamedKoné 1 G
22%
2016 - 2020 Sénégal PapeGueye 40 M
22%
2008 - 2012 Cap - Vert RyanMendes 94 A
22%
2015 - 2020 Mali SambaCamara 79 D
22%
2009 - 2014 Algérie WalidMesloub 172 M
22%
2016 - 2019 Guadeloupe YohannThuram 75 G
22%
2017 - 2020 RépubliqueCentrafricaine AmosYouga 72 M
19%
2015 - 2017 France MathieuDuhamel 47 A
19%
2009 - 2015 France MaximeLe Marchand 178 D
19%
2022 - 20242025 - France SimonEbonog 5 M
19%
2023 - 2025 Guyane Fr YoannSalmier 34 D
19%
2016 - 2019 France AlimamiGory 83 A
17%
2016 - 2020 Ghana EbenezerAssifuah 70 A
17%
2020 - 2023 France EliesMahmoud 54 A
17%
2015 - 2017 Bénin FabienFarnolle 65 G
17%
2016 - 2019 Cameroun HaroldMoukoudi 65 D
17%
2018 - 2021 Haiti HervéBazile 51 M/A
17%
2024 - 2025 Maroc IlyesHousni 13 A
17%
2013 - 2016 France LysMousset 36 A
17%
2016 - 2018 Algérie RafikGuitane 20 M
17%
2022 - 2025 France SteveNgoura 24 A
17%
2017 - 2019 France ArnaudBalijon 26 G
14%
2019 - 2021 Turquie ErtugrulErsoy 35 D
14%
2018 - 2022 Congo FernandMayembo 91 D
14%
2006 - 2012 Maroc HassaneAlla 143 M
14%
2019 - 2020 Cameroun JuniorDina Ebimbe 25 M
14%
2013 - 2015 France MickaelLe Bihan 73 A
14%
2020 - 2022 France PierreGibaud 72 D
14%
2014 - 2015 France RégisGurtner 5 G
14%
2018 - 2021 France RomainBasque 80 M
14%
2021 - 2023 France SaelKumbedi 7 D
14%
2022 - 2023 Pays - Bas TerenceKongolo 15 D
14%
2017 - 2020 France AlanDzabana 15 A
11%
2019 - 2020 France AteefKonaté 1 M
11%
2019 - 2022 Tunisie AymanBen Mohamed 36 D
11%
2017 - 2019 Congo BevicMoussiti - Oko 15 A
11%
2015 - 2017 France CédricCambon 70 D
11%
2022 - 2023 France Check OumarDiakité 12 M
11%
2019 - 2021 Ghana GodwinBentil 8 A
11%
2015 - 2017 France GrégoirePuel 16 D
11%
2021 - 2022 Comores IsmaelBoura 17 D
11%
2014 - 2015 RépubliqueDémocratique Du Congo JordanIkoko 22 D
11%
2020 - 2022 Maroc KhalidBoutaib 36 A
11%
2019 - 2020 France LoicBadé 7 D
11%
2007 - 2012 Guadeloupe LoicNestor 116 D
11%
2014 - 2017 France LudovicGamboa 74 M
11%
2016 - 2018 Mali ManaDembélé 22 A
11%
2022 - 2023 France MokraneBentoumi 3 M
11%
2015 - 2018 France NathaelJulan 45 A
11%
2017 - 2019 Turquie OzerOzdemir 16 D
11%
2013 - 2015 Maroc RomainSaiss 65 D/M
11%
2014 - 2017 Cap - Vert StevenFortes 92 D
11%
2017 - 2018 France TeddyOkou 2 A
11%
2020 - 2023 France YlanGomes 19 A
11%
2017 - 2018 Mali AbdoulayeKeita 3 M
8%
2020 - 2022 Cameroun AristideWam 7 M
8%
2016 - 2020 Hongrie BarnabasBase 125 D
8%
2021 - 2022 France BenjaminCapron - Litique 1 M
8%
2010 - 2014 France BenjaminGenton 94 D
8%
2010 - 2012 Congo ClévidDikamona 9 D
8%
2011 - 2014 France CyriaqueLouvion 90 D
8%
2011 - 2014 RépubliqueDémocratique Du Congo DistelZola 89 M
8%
2022 - 2023 Maroc DjamalMoussadek 1 D
8%
2014 - 20162017 - 2018 France DylanLouiserre 48 M
8%
2013 - 2014 Mali HadiSacko 18 A
8%
2012 - 2016 RépubliqueDémocratique Du Congo HarrisonManzala 53 A
8%
2011 - 2012 Martinique HarryNovillo 19 A
8%
2020 - 2021 France ImaniBarker 1 D
8%
2014 - 2017 Maroc IssamChebake 103 D
8%
2011 - 2014 France JamesFanchone 38 A
8%
2014 - 2015 France JeromeLeroy 12 M
8%
2012 - 2016 France JéromeMombris 105 D
8%
2020 - 2021 France MelvinBachelet 1 D
8%
2007 - 2011 Belgique MikeVanhamel 13 G
8%
2013 - 2015 France MoussaSao 41 A
8%
2013 - 2014 France Pierre - AlexandreBois 1 G
8%
2022 - 2023 Guinée SalifouSoumah 2 A
8%
2007 - 2011 France SelimBouadla 66 M
8%
2018 - 2019 Burkina Faso SteeveYago 13 D
8%
2021 - 2022 France ThiernoBaldé 31 D
8%
2015 - 2018 France ThomasAyasse 57 M
8%
2020 - 2023 Maroc AbdelwahedWahib 20 D
6%
2014 - 2015 Nigéria AkeemAgbetu 7 A
6%
2021 - 2023 France AmadouSamoura 4 A
6%
2009 - 2011 Guadeloupe BriceJovial 50 A
6%
2012 - 2013 France ChristN'Tangu 3 D
6%
2018 - 2019 CoteD'Ivoire ChristTiéhi 2 M
6%
2015 - 2016 Roumanie CostinelGugu 3 D
6%
2022 - France ElyséeLogbo 14 A
6%
2013 - 2015 France FlorianPinteaux 29 D
6%
2012 - 2013 Guinée FodéKoita 24 A
6%
2011 - 2012 France FranckJulienne 17 A
6%
2012 - 20132014 - 2015 Martinique GeoffreyMalfleury 64 A
6%
2017 - 2018 Madagascar ImaAndriatsima 12 A
6%
2010 - 2011 Zambie JonasSakuwaha 5 A
6%
2010 - 2014 Martinique JonathanRiviérez 131 D
6%
2010 - 2013 France JulienFrançois 96 M
6%
2018 - 2019 Guadeloupe KellyIrep 2 D
6%
2015 - 2016 France MamadouSissako 1 A
6%
2016 - 2017 France MazireSoula 1 M
6%
2014 - 2016 Cameroun ModesteM'Bami 9 M
6%
2022 - 2023 Maroc NassimChadli 2 A
6%
2011 - 2012 Cameroun PaulAlo'o Efoulou 21 A
6%
2009 - 2012 France PierrickRakotoharisoa 9 M
6%
2009 - 2011 Congo RahaviKifoueti 3 A
6%
2012 - 2013 France RiadNouri 18 A
6%
2013 - 2014 France SébastienFlochon 6 M
6%
2016 - 2017 France SébastienSalles - Lamonge 18 M
6%
2012 - 2014 France SimonPontdemé 8 G
6%
2014 - 2017 France StephenMilosavljevic 10 G
6%
2013 - 2014 Cameroun TristanDingomé 33 M
6%
2010 - 2012 France PrinceGouano 2 D
3%
Aucun quiz correspondant
Distribution des résultats
% des personnes avec chaque résultat
Percentile par nombre de réponses
Votre historique - résultats
Vous n’avez pas pris ce quiz